Český jazyk pro 6. ročník základní školy a primu víceletého gymnázia : příručka učitele /

Hlavní autor: Krausová, Zdeňka
Další autoři: Teršová, Renata
Jazyk: Čeština
Vydáno: Plzeň : Fraus, 2003
Vydání: 1. vyd.
Témata:
Externí odkaz: Digitalizovaný dokument
Fyzický popis: 192 s. ; 29 cm
Knihy
Uloženo v:
LEADER 01244nam a2200337 a 4500
001 000693823
003 CZ BrMZK
005 20050412083052.0
007 ta
008 031023s2003 xr e f 000 0 cze d
015 |a cnb001286676 
020 |a 80-7238-250-0  |q (brož.) 
035 |a (OCoLC)56868810 
040 |a BOA001  |b cze 
072 7 |a 811.162.3  |x Čeština  |2 Konspekt  |9 11 
080 |a 811.162.3  |2 MRF 
080 |a 81'24  |2 MRF 
080 |a (072)  |2 MRF 
100 1 |a Krausová, Zdeňka  |7 mzk2004248783  |4 aut 
245 1 0 |a Český jazyk pro 6. ročník základní školy a primu víceletého gymnázia :  |b příručka učitele /  |c Zdeňka Krausová, Renata Teršová 
250 |a 1. vyd. 
260 |a Plzeň :  |b Fraus,  |c 2003 
300 |a 192 s. ;  |c 29 cm 
650 0 7 |a čeština  |7 ph135292  |2 czenas 
650 0 7 |a jazyková výuka  |7 ph162894  |2 czenas 
655 7 |a metodické příručky  |7 fd132826  |2 czenas 
700 1 |a Teršová, Renata  |7 mzk2004248782  |4 aut 
856 4 1 |u http://www.digitalniknihovna.cz/mzk/uuid/uuid:8d04d260-d1b7-11e2-8c80-005056827e52  |y Digitalizovaný dokument  |x NDK 
910 |a BOA001  |b 3-1123.870 
990 |a BK 
996 6 |b 2610200782  |c 3-1123.870  |l MZK  |r Sklad / do 1 hodiny  |n 37  |p p.v.  |w 000693823  |u 000010  |a 1  |e BOA001  |j MZK50  |s P